Top 25 New Jersey Municipalities by Population Density - Statistics

General Stats
  • This quiz has been taken 4 times
  • The average score is 16 of 25
Answer Stats
Population Density (/sq. mi) Municipality % Correct
62,264 Guttenberg
100%
19,835 Jersey City
100%
12,904 Newark
100%
12,337 North Bergen
100%
18,986 Paterson
100%
53,294 Union City
100%
12,315 Bayonne
75%
25,184 East Newark
75%
17,722 East Orange
75%
16,061 Harrison
75%
48,335 Hoboken
75%
20,994 Irvington
75%
15,565 Orange
75%
21,935 Weehawken
75%
53,231 West New York
75%
22,514 Passaic
50%
11,989 Trenton
50%
26,876 Cliffside Park
25%
14,764 Edgewater
25%
17,802 Fairview
25%
15,961 Garfield
25%
15,469 Garfield
25%
16,377 Palisades Park
25%
13,703 Prospect Park
25%
13,311 Woodlynne
0%
No matching quizzes found
Score Distribution
Percent of People with Each Score
Percentile by Number Answered
Your Score History
You have not taken this quiz